[Event "Blitz 2018"]
[Site "Saint-Petersburg"]
[Date "2018.12.30"]
[Round "16"]
[Board "12"]
[White "Maghsoodloo Parham (IRI)"]
[Black "Jobava Baadur (GEO)"]
[Result "1-0"]
[LiveChessVersion "1.4.8"]
[BlackElo "2705"]
[WhiteElo "2642"]

1. d4 {[%clk 0:03:03]} Nf6 {[%clk 0:03:02]} 2. Nf3 {[%clk 0:03:04]} e6
{[%clk 0:03:02]} 3. Bf4 {[%clk 0:03:05]} b6 {[%clk 0:03:03]} 4. e3
{[%clk 0:03:04]} Bb7 {[%clk 0:03:04]} 5. Nbd2 {[%clk 0:03:03]} Bd6
{[%clk 0:03:05]} 6. Bg3 {[%clk 0:03:02]} O-O 7. a4 a6 {[%clk 0:03:03]} 8. Bd3
{[%clk 0:03:01]} h6 {[%clk 0:03:02]} 9. e4 {[%clk 0:02:56]} Bxg3 {[%clk 0:03:02]}
10. hxg3 {[%clk 0:02:57]} d6 {[%clk 0:02:57]} 11. Qe2 {[%clk 0:02:57]} e5
{[%clk 0:02:22]} 12. dxe5 {[%clk 0:02:53]} dxe5 {[%clk 0:02:23]} 13. Nc4
{[%clk 0:02:36]} Nc6 {[%clk 0:02:14]} 14. c3 {[%clk 0:02:37]} Re8
{[%clk 0:02:04]} 15. Ne3 {[%clk 0:02:27]} Ne7 {[%clk 0:02:05]} 16. O-O-O
{[%clk 0:02:08]} Qd7 {[%clk 0:01:58]} 17. Qc2 {[%clk 0:02:02]} Ng6
{[%clk 0:01:36]} 18. Bxa6 {[%clk 0:01:38]} Qc8 {[%clk 0:01:33]} 19. Bd3
{[%clk 0:01:32]} Bc6 {[%clk 0:01:34]} 20. b3 {[%clk 0:01:33]} Nd7
{[%clk 0:01:28]} 21. Kb2 {[%clk 0:01:21]} Nc5 {[%clk 0:01:29]} 22. Nd2
{[%clk 0:01:06]} Qb7 {[%clk 0:01:08]} 23. Bb5 {[%clk 0:01:01]} Bxb5
{[%clk 0:00:59]} 24. axb5 {[%clk 0:01:02]} Ra7 {[%clk 0:00:48]} 25. Ra1
{[%clk 0:01:02]} Rea8 {[%clk 0:00:48]} 26. Nd5 {[%clk 0:00:54]} Kf8
{[%clk 0:00:43]} 27. Nc4 {[%clk 0:00:53]} f6 {[%clk 0:00:38]} 28. f3
{[%clk 0:00:54]} Ne7 {[%clk 0:00:39]} 29. Nxe7 {[%clk 0:00:40]} Kxe7
{[%clk 0:00:40]} 30. b4 {[%clk 0:00:39]} Na4+ {[%clk 0:00:34]} 31. Kb3
{[%clk 0:00:22]} Nc5+ {[%clk 0:00:35]} 32. Kb2 {[%clk 0:00:23]} Na4+
{[%clk 0:00:37]} 33. Kb3 {[%clk 0:00:19]} c6 {[%clk 0:00:36]} 34. Qd2
{[%clk 0:00:11]} cxb5 {[%clk 0:00:33]} 35. Qd6+ {[%clk 0:00:09]} Kf7
{[%clk 0:00:34]} 36. Na3 {[%clk 0:00:10]} Qa6 {[%clk 0:00:23]} 37. Qd5+
{[%clk 0:00:10]} Kf8 {[%clk 0:00:24]} 38. Nxb5 {[%clk 0:00:10]} Nc5+
{[%clk 0:00:24]} 39. Qxc5+ {[%clk 0:00:11]} bxc5 {[%clk 0:00:25]} 40. Rxa6
{[%clk 0:00:13]} Rxa6 {[%clk 0:00:27]} 41. Nc7 {[%clk 0:00:11]} Ra3+
{[%clk 0:00:28]} 42. Kc4 {[%clk 0:00:12]} R8a4 {[%clk 0:00:28]} 43. Ne6+
{[%clk 0:00:13]} Ke7 {[%clk 0:00:28]} 44. Nxc5 {[%clk 0:00:14]} Ra8
{[%clk 0:00:28]} 45. Rd1 {[%clk 0:00:15]} R3a7 {[%clk 0:00:29]} 46. b5
{[%clk 0:00:16]} Rc8 {[%clk 0:00:29]} 47. Kb4 {[%clk 0:00:17]} Rac7
{[%clk 0:00:30]} 48. Rd5 {[%clk 0:00:18]} Ra8 {[%clk 0:00:28]} 49. b6
{[%clk 0:00:18]} Rc6 50. Kb5 Rd6 {[%clk 0:00:29]} 51. b7 {[%clk 0:00:18]} Rb8
{[%clk 0:00:30]} 52. Rxd6 {[%clk 0:00:19]} Kxd6 53. Kb6 Kd5 1-0

[Event "Blitz 2018"]
[Site "Saint-Petersburg"]
[Date "2018.12.30"]
[Round "16"]
[Board "13"]
[White "Jakovenko Dmitry (RUS)"]
[Black "Melkumyan Hrant (ARM)"]
[Result "1-0"]
[LiveChessVersion "1.4.8"]
[BlackElo "2699"]
[WhiteElo "2616"]

1. Nf3 {[%clk 0:03:03]} c5 {[%clk 0:03:03]} 2. c4 {[%clk 0:03:03]} g6
{[%clk 0:03:02]} 3. d4 {[%clk 0:03:01]} cxd4 {[%clk 0:03:03]} 4. Nxd4
{[%clk 0:03:02]} Nc6 {[%clk 0:03:04]} 5. e4 {[%clk 0:03:02]} Nf6 {[%clk 0:03:05]}
6. Nc3 {[%clk 0:03:03]} d6 {[%clk 0:03:06]} 7. f3 {[%clk 0:02:41]} Nxd4
{[%clk 0:03:06]} 8. Qxd4 {[%clk 0:02:42]} Bg7 {[%clk 0:03:07]} 9. Be3
{[%clk 0:02:42]} O-O {[%clk 0:03:07]} 10. Qd2 {[%clk 0:02:43]} a5
{[%clk 0:03:08]} 11. b3 {[%clk 0:02:40]} Bd7 {[%clk 0:03:02]} 12. Be2
{[%clk 0:02:39]} Bc6 {[%clk 0:02:58]} 13. O-O {[%clk 0:02:38]} Nd7
{[%clk 0:02:59]} 14. Rab1 {[%clk 0:02:34]} Nc5 {[%clk 0:02:39]} 15. a3
{[%clk 0:02:30]} Ne6 {[%clk 0:02:06]} 16. Nd5 {[%clk 0:02:04]} Bxd5
{[%clk 0:01:52]} 17. cxd5 {[%clk 0:02:04]} Nc5 {[%clk 0:01:53]} 18. Bxc5
{[%clk 0:02:00]} dxc5 {[%clk 0:01:54]} 19. a4 {[%clk 0:01:52]} f5
{[%clk 0:01:49]} 20. exf5 {[%clk 0:01:41]} Rxf5 {[%clk 0:01:49]} 21. f4
{[%clk 0:01:29]} Kh8 {[%clk 0:01:41]} 22. Bc4 {[%clk 0:01:24]} e6
{[%clk 0:01:39]} 23. d6 {[%clk 0:01:09]} Bd4+ {[%clk 0:01:39]} 24. Kh1
{[%clk 0:01:10]} Qxd6 {[%clk 0:01:40]} 25. Rbe1 {[%clk 0:01:08]} e5
{[%clk 0:01:36]} 26. fxe5 {[%clk 0:01:00]} Rxe5 {[%clk 0:01:22]} 27. Rxe5
{[%clk 0:00:58]} Qxe5 {[%clk 0:01:19]} 28. Qh6 {[%clk 0:00:57]} Qg7
{[%clk 0:01:13]} 29. Qxg7+ {[%clk 0:00:57]} Kxg7 {[%clk 0:01:10]} 30. Rf7+
{[%clk 0:00:58]} Kh6 {[%clk 0:01:11]} 31. Rxb7 {[%clk 0:00:59]} Re8
{[%clk 0:01:12]} 32. g3 {[%clk 0:00:59]} Bc3 {[%clk 0:01:06]} 33. Kg2
{[%clk 0:00:57]} Rd8 {[%clk 0:00:57]} 34. Rc7 {[%clk 0:00:52]} Bb4
{[%clk 0:00:57]} 35. h4 {[%clk 0:00:52]} Be1 {[%clk 0:00:41]} 36. Rxc5
{[%clk 0:00:37]} Rd7 {[%clk 0:00:41]} 37. Re5 {[%clk 0:00:35]} Bc3
{[%clk 0:00:41]} 38. Re6 {[%clk 0:00:35]} Kg7 {[%clk 0:00:42]} 39. Kf3
{[%clk 0:00:32]} Bb4 {[%clk 0:00:43]} 40. Rc6 {[%clk 0:00:31]} Re7
{[%clk 0:00:43]} 41. g4 {[%clk 0:00:31]} Be1 {[%clk 0:00:43]} 42. h5
{[%clk 0:00:32]} gxh5 {[%clk 0:00:44]} 43. gxh5 {[%clk 0:00:33]} h6
{[%clk 0:00:45]} 44. Rg6+ {[%clk 0:00:33]} Kh7 {[%clk 0:00:46]} 45. Bd3
{[%clk 0:00:33]} Rf7+ {[%clk 0:00:36]} 46. Ke2 {[%clk 0:00:33]} Bb4
{[%clk 0:00:37]} 47. Be4 {[%clk 0:00:31]} Re7 {[%clk 0:00:31]} 48. Kd3
{[%clk 0:00:31]} Rf7 {[%clk 0:00:31]} 49. Kc4 {[%clk 0:00:29]} Re7
{[%clk 0:00:30]} 50. Kd5 {[%clk 0:00:21]} Rf7 {[%clk 0:00:31]} 51. Rb6+
{[%clk 0:00:18]} Kg7 {[%clk 0:00:32]} 52. Rxb4 {[%clk 0:00:18]} axb4
{[%clk 0:00:33]} 53. Kc5 {[%clk 0:00:15]} Kf6 {[%clk 0:00:26]} 54. a5
{[%clk 0:00:14]} Ke5 {[%clk 0:00:27]} 55. Bc6 Rf5 {[%clk 0:00:03]} 56. a6
{[%clk 0:00:15]} Ke6+ {[%clk 0:00:04]} 57. Kb6 {[%clk 0:00:15]} Kd6
{[%clk 0:00:03]} 58. a7 {[%clk 0:00:16]} Rf8 {[%clk 0:00:04]} 59. a8=Q
{[%clk 0:00:16]} Rxa8 {[%clk 0:00:05]} 60. Bxa8 {[%clk 0:00:17]} Kd5 1-0

[Event "Blitz 2018"]
[Site "Saint-Petersburg"]
[Date "2018.12.30"]
[Round "16"]
[Board "14"]
[White "Nihal Sarin (IND)"]
[Black "Vitiugov Nikita (RUS)"]
[Result "1-0"]
[LiveChessVersion "1.4.8"]
[BlackElo "2696"]
[WhiteElo "2506"]

1. d4 {[%clk 0:03:02]} d5 {[%clk 0:03:03]} 2. c4 {[%clk 0:03:02]} c6
{[%clk 0:03:04]} 3. Nf3 {[%clk 0:03:02]} Nf6 {[%clk 0:03:05]} 4. e3
{[%clk 0:03:03]} Bg4 {[%clk 0:03:04]} 5. h3 {[%clk 0:03:00]} Bh5 {[%clk 0:03:05]}
6. Nc3 {[%clk 0:02:58]} e6 {[%clk 0:03:06]} 7. g4 {[%clk 0:02:58]} Bg6
{[%clk 0:03:07]} 8. Ne5 {[%clk 0:03:00]} Nbd7 {[%clk 0:03:04]} 9. Nxg6
{[%clk 0:02:59]} hxg6 {[%clk 0:03:04]} 10. g5 {[%clk 0:02:59]} Ne4
{[%clk 0:03:04]} 11. Nxe4 {[%clk 0:02:55]} dxe4 {[%clk 0:03:05]} 12. Qb3
{[%clk 0:02:48]} Qb6 {[%clk 0:02:43]} 13. h4 {[%clk 0:02:31]} Bb4+
{[%clk 0:02:17]} 14. Ke2 {[%clk 0:02:31]} c5 {[%clk 0:01:51]} 15. Bg2
{[%clk 0:02:16]} f5 {[%clk 0:01:10]} 16. gxf6 {[%clk 0:02:06]} gxf6
{[%clk 0:01:03]} 17. a3 {[%clk 0:01:49]} Ba5 {[%clk 0:01:04]} 18. Qxb6
{[%clk 0:01:29]} Bxb6 {[%clk 0:01:03]} 19. Bxe4 {[%clk 0:01:23]} f5
{[%clk 0:00:54]} 20. Bxb7 {[%clk 0:01:21]} Rb8 {[%clk 0:00:56]} 21. Bc6
{[%clk 0:01:19]} cxd4 {[%clk 0:00:56]} 22. b4 {[%clk 0:01:10]} dxe3
{[%clk 0:00:40]} 23. c5 {[%clk 0:01:10]} Bd8 {[%clk 0:00:35]} 24. Bxe3
{[%clk 0:00:49]} Rc8 {[%clk 0:00:25]} 25. Ba4 {[%clk 0:00:32]} Ke7
{[%clk 0:00:15]} 26. Bg5+ {[%clk 0:00:28]} Nf6 {[%clk 0:00:15]} 27. Rad1
{[%clk 0:00:29]} Rc7 {[%clk 0:00:16]} 28. Bf4 {[%clk 0:00:21]} Rc8
{[%clk 0:00:17]} 29. Bg5 {[%clk 0:00:19]} Rc7 {[%clk 0:00:19]} 30. Rd6
{[%clk 0:00:17]} Kf7 {[%clk 0:00:20]} 31. Bb3 {[%clk 0:00:12]} Kg7
{[%clk 0:00:16]} 32. Rhd1 {[%clk 0:00:10]} Be7 {[%clk 0:00:15]} 33. Rxe6
{[%clk 0:00:11]} a5 {[%clk 0:00:11]} 34. Kf3 {[%clk 0:00:09]} axb4 35. axb4
{[%clk 0:00:10]} Rb8 {[%clk 0:00:12]} 36. Bf4 {[%clk 0:00:12]} Rxb4
{[%clk 0:00:13]} 37. Bxc7 {[%clk 0:00:13]} Rxb3+ {[%clk 0:00:14]} 38. Re3
{[%clk 0:00:13]} Rxe3+ {[%clk 0:00:13]} 39. fxe3 {[%clk 0:00:14]} Bxc5
{[%clk 0:00:14]} 40. Be5 {[%clk 0:00:14]} Kf7 {[%clk 0:00:15]} 41. Bxf6
{[%clk 0:00:13]} Kxf6 {[%clk 0:00:16]} 42. Rc1 {[%clk 0:00:14]} Bb4
{[%clk 0:00:16]} 43. Rc6+ {[%clk 0:00:15]} Kf7 {[%clk 0:00:17]} 44. Kf4
{[%clk 0:00:13]} Be7 {[%clk 0:00:18]} 45. h5 {[%clk 0:00:13]} gxh5
{[%clk 0:00:19]} 46. Kxf5 {[%clk 0:00:14]} h4 {[%clk 0:00:19]} 47. e4
{[%clk 0:00:14]} Kg7 {[%clk 0:00:16]} 48. e5 {[%clk 0:00:15]} Bb4
{[%clk 0:00:15]} 49. Rg6+ {[%clk 0:00:15]} Kf7 {[%clk 0:00:16]} 50. e6+
{[%clk 0:00:15]} Kf8 {[%clk 0:00:16]} 51. Rg4 {[%clk 0:00:16]} Be1
{[%clk 0:00:17]} 52. Re4 {[%clk 0:00:17]} Bf2 {[%clk 0:00:16]} 53. e7+
{[%clk 0:00:15]} Ke8 {[%clk 0:00:17]} 54. Ke6 {[%clk 0:00:15]} Bc5
{[%clk 0:00:17]} 55. Rxh4 {[%clk 0:00:16]} Bxe7 {[%clk 0:00:18]} 56. Rh8+
{[%clk 0:00:17]} Bf8 {[%clk 0:00:19]} 57. Rg8 {[%clk 0:00:18]} 1-0

[Event "Blitz 2018"]
[Site "Saint-Petersburg"]
[Date "2018.12.30"]
[Round "16"]
[Board "15"]
[White "Predke Alexandr (RUS)"]
[Black "Kovalenko Igor (LAT)"]
[Result "1-0"]
[LiveChessVersion "1.4.8"]
[BlackElo "2693"]
[WhiteElo "2482"]

1. e4 {[%clk 0:03:03]} d5 {[%clk 0:03:04]} 2. exd5 Qxd5 {[%clk 0:03:04]} 3. Nc3
{[%clk 0:03:04]} Qa5 {[%clk 0:03:06]} 4. Bc4 {[%clk 0:03:03]} Nf6
{[%clk 0:03:07]} 5. d3 {[%clk 0:03:02]} c6 {[%clk 0:02:58]} 6. Nge2
{[%clk 0:03:02]} Bg4 {[%clk 0:02:50]} 7. Bd2 {[%clk 0:02:57]} Nbd7
{[%clk 0:02:48]} 8. f3 {[%clk 0:02:54]} Bh5 {[%clk 0:02:49]} 9. Ng3
{[%clk 0:02:55]} Bg6 {[%clk 0:02:50]} 10. f4 {[%clk 0:02:52]} e6 {[%clk 0:02:49]}
11. Nce4 {[%clk 0:02:47]} Qc7 {[%clk 0:02:41]} 12. O-O {[%clk 0:02:44]} O-O-O
{[%clk 0:02:38]} 13. Qe2 {[%clk 0:02:42]} Bxe4 {[%clk 0:02:13]} 14. Nxe4
{[%clk 0:02:39]} g6 {[%clk 0:01:55]} 15. Ng5 {[%clk 0:02:21]} Bc5+
{[%clk 0:01:44]} 16. Kh1 {[%clk 0:02:08]} Rhf8 {[%clk 0:01:45]} 17. b4
{[%clk 0:02:08]} Bd6 {[%clk 0:01:44]} 18. Ne4 {[%clk 0:01:57]} Nxe4
{[%clk 0:01:44]} 19. dxe4 {[%clk 0:01:57]} Nb6 {[%clk 0:01:43]} 20. Bd3
{[%clk 0:01:56]} Na4 {[%clk 0:01:43]} 21. Rab1 {[%clk 0:01:32]} Be7
{[%clk 0:01:33]} 22. Rb3 {[%clk 0:01:30]} Kb8 {[%clk 0:01:24]} 23. Be3
{[%clk 0:01:30]} c5 {[%clk 0:00:33]} 24. Bb5 {[%clk 0:01:19]} Nb6
{[%clk 0:00:33]} 25. bxc5 {[%clk 0:01:17]} Nd7 {[%clk 0:00:21]} 26. Ba6
{[%clk 0:01:07]} b6 {[%clk 0:00:14]} 27. cxb6 {[%clk 0:01:04]} axb6
{[%clk 0:00:15]} 28. Rfb1 {[%clk 0:01:00]} Bc5 {[%clk 0:00:15]} 29. a4
{[%clk 0:00:27]} Ka7 {[%clk 0:00:10]} 30. Bd3 {[%clk 0:00:16]} Rb8
{[%clk 0:00:08]} 31. Rb5 {[%clk 0:00:15]} Bxe3 {[%clk 0:00:08]} 32. Qxe3
{[%clk 0:00:16]} Ka8 {[%clk 0:00:09]} 33. a5 {[%clk 0:00:08]} bxa5
{[%clk 0:00:10]} 34. e5 {[%clk 0:00:09]} Nc5 {[%clk 0:00:05]} 35. Be4+
{[%clk 0:00:06]} Ka7 {[%clk 0:00:04]} 36. Qa3 {[%clk 0:00:05]} Ka6
{[%clk 0:00:04]} 37. Bd3 {[%clk 0:00:05]} Nxd3 {[%clk 0:00:05]} 38. Qxd3
{[%clk 0:00:06]} Rxb5 39. Qxb5+ Ka7 40. Ra1 {[%clk 0:00:08]} Qb6 {[%clk 0:00:08]}
41. Rxa5+ Kb7 42. Qd7+ {[%clk 0:00:09]} Kb8 {[%clk 0:00:10]} 43. Rb5
{[%clk 0:00:10]} 1-0

[Event "Blitz 2018"]
[Site "Saint-Petersburg"]
[Date "2018.12.30"]
[Round "16"]
[Board "16"]
[White "Inarkiev Ernesto (RUS)"]
[Black "Indjic Aleksandar (SRB)"]
[Result "0-1"]
[LiveChessVersion "1.4.8"]
[BlackElo "2643"]
[WhiteElo "2674"]

1. c4 {[%clk 0:03:02]} c5 {[%clk 0:03:01]} 2. Nf3 {[%clk 0:03:03]} Nf6
{[%clk 0:03:02]} 3. Nc3 {[%clk 0:03:02]} Nc6 {[%clk 0:03:02]} 4. d4
{[%clk 0:03:03]} cxd4 {[%clk 0:03:02]} 5. Nxd4 {[%clk 0:03:05]} e6
{[%clk 0:03:03]} 6. g3 {[%clk 0:02:59]} Qb6 {[%clk 0:03:02]} 7. Ndb5
{[%clk 0:02:44]} Ne5 {[%clk 0:02:55]} 8. Qa4 {[%clk 0:01:56]} Nfg4
{[%clk 0:02:44]} 9. e3 {[%clk 0:01:29]} a6 {[%clk 0:02:44]} 10. Be2
{[%clk 0:01:12]} h5 {[%clk 0:02:40]} 11. h3 {[%clk 0:01:09]} Nf6 {[%clk 0:02:40]}
12. O-O {[%clk 0:01:10]} g5 {[%clk 0:02:11]} 13. b4 {[%clk 0:01:04]} Rb8
{[%clk 0:02:08]} 14. c5 {[%clk 0:00:42]} axb5 {[%clk 0:02:06]} 15. Qd1
{[%clk 0:00:37]} Qc6 {[%clk 0:02:01]} 16. Bxb5 {[%clk 0:00:29]} Qf3
{[%clk 0:01:56]} 17. Be2 {[%clk 0:00:30]} Qf5 {[%clk 0:01:57]} 18. Kg2
{[%clk 0:00:29]} g4 {[%clk 0:01:57]} 19. h4 {[%clk 0:00:31]} b6 {[%clk 0:01:55]}
20. f3 {[%clk 0:00:30]} gxf3+ {[%clk 0:01:55]} 21. Bxf3 {[%clk 0:00:31]} Nxf3
{[%clk 0:01:52]} 22. Rxf3 {[%clk 0:00:32]} Bb7 {[%clk 0:01:53]} 23. e4
{[%clk 0:00:33]} Nxe4 {[%clk 0:01:49]} 24. Rxf5 {[%clk 0:00:32]} Nxc3+
{[%clk 0:01:49]} 25. Qf3 {[%clk 0:00:33]} exf5 {[%clk 0:01:46]} 0-1

[Event "Blitz 2018"]
[Site "Saint-Petersburg"]
[Date "2018.12.30"]
[Round "16"]
[Board "20"]
[White "Khusnutdinov Rustam (KAZ)"]
[Black "Zhigalko Sergei (BLR)"]
[Result "1-0"]
[LiveChessVersion "1.4.8"]
[BlackElo "2693"]
[WhiteElo "2582"]

1. Nc3 {[%clk 0:03:03]} c5 {[%clk 0:03:03]} 2. Nf3 {[%clk 0:03:04]} Nc6
{[%clk 0:03:02]} 3. d4 {[%clk 0:03:05]} cxd4 {[%clk 0:03:00]} 4. Nxd4
{[%clk 0:03:06]} Nf6 {[%clk 0:03:00]} 5. Bg5 {[%clk 0:03:05]} e6 {[%clk 0:02:40]}
6. Qd3 {[%clk 0:03:05]} Be7 {[%clk 0:02:38]} 7. e4 {[%clk 0:03:04]} O-O
{[%clk 0:02:36]} 8. O-O-O {[%clk 0:03:05]} d6 {[%clk 0:02:28]} 9. f4
{[%clk 0:03:02]} Bd7 {[%clk 0:02:22]} 10. Qg3 {[%clk 0:02:55]} Rc8
{[%clk 0:01:18]} 11. Be2 {[%clk 0:02:18]} Kh8 {[%clk 0:01:13]} 12. Kb1
{[%clk 0:01:43]} a6 {[%clk 0:01:13]} 13. e5 {[%clk 0:01:40]} Ne8 {[%clk 0:00:55]}
14. exd6 {[%clk 0:00:49]} Nxd6 {[%clk 0:00:56]} 15. Nxc6 {[%clk 0:00:50]} Rxc6
{[%clk 0:00:57]} 16. Bxe7 {[%clk 0:00:37]} Qxe7 {[%clk 0:00:58]} 17. Qd3
{[%clk 0:00:38]} b5 {[%clk 0:00:10]} 18. Bf3 {[%clk 0:00:38]} Rb6
{[%clk 0:00:12]} 19. Rhe1 {[%clk 0:00:40]} Qf6 {[%clk 0:00:06]} 20. Qd4
{[%clk 0:00:38]} Qxd4 {[%clk 0:00:05]} 21. Rxd4 {[%clk 0:00:39]} Be8
{[%clk 0:00:03]} 22. Red1 {[%clk 0:00:40]} Nf5 {[%clk 0:00:04]} 23. Rd8
{[%clk 0:00:41]} Kg8 {[%clk 0:00:04]} 24. Ra8 {[%clk 0:00:42]} f6
{[%clk 0:00:03]} 25. Rdd8 {[%clk 0:00:42]} Kf7 {[%clk 0:00:04]} 26. Ne4
{[%clk 0:00:38]} Rc6 {[%clk 0:00:04]} 27. Ng5+ {[%clk 0:00:38]} fxg5
{[%clk 0:00:04]} 28. Bxc6 {[%clk 0:00:39]} Bxc6 {[%clk 0:00:04]} 29. Rxf8+
{[%clk 0:00:40]} Kg6 {[%clk 0:00:06]} 30. Rxa6 {[%clk 0:00:39]} Bd5
{[%clk 0:00:05]} 31. g4 {[%clk 0:00:37]} Nd4 {[%clk 0:00:04]} 32. f5+
{[%clk 0:00:38]} Kh6 {[%clk 0:00:05]} 33. Rd8 {[%clk 0:00:39]} 1-0

[Event "Blitz 2018"]
[Site "Saint-Petersburg"]
[Date "2018.12.30"]
[Round "16"]
[Board "21"]
[White "Korobov Anton (UKR)"]
[Black "Tang Andrew (USA)"]
[Result "0-1"]
[LiveChessVersion "1.4.8"]
[BlackElo "2501"]
[WhiteElo "2677"]

1. d4 {[%clk 0:03:03]} d5 {[%clk 0:03:03]} 2. c4 {[%clk 0:03:04]} e6
{[%clk 0:03:04]} 3. Nc3 {[%clk 0:03:05]} Be7 {[%clk 0:03:05]} 4. cxd5
{[%clk 0:03:05]} exd5 {[%clk 0:03:06]} 5. Bf4 {[%clk 0:03:06]} c6
{[%clk 0:03:07]} 6. e3 {[%clk 0:03:06]} Bf5 {[%clk 0:03:07]} 7. Nge2
{[%clk 0:03:07]} Nd7 {[%clk 0:03:08]} 8. Ng3 {[%clk 0:03:07]} Bg6
{[%clk 0:03:09]} 9. h4 {[%clk 0:03:08]} h6 {[%clk 0:03:10]} 10. h5
{[%clk 0:03:07]} Bh7 {[%clk 0:03:11]} 11. Bd3 {[%clk 0:03:07]} Bxd3
{[%clk 0:03:12]} 12. Qxd3 {[%clk 0:03:08]} Ngf6 {[%clk 0:03:12]} 13. Nf5
{[%clk 0:03:07]} O-O {[%clk 0:03:12]} 14. g4 {[%clk 0:02:59]} Ne4
{[%clk 0:01:39]} 15. Nxe4 {[%clk 0:02:56]} dxe4 {[%clk 0:01:40]} 16. Qxe4
{[%clk 0:02:56]} Bb4+ {[%clk 0:01:41]} 17. Kf1 {[%clk 0:02:57]} Re8
{[%clk 0:01:42]} 18. Qf3 {[%clk 0:02:54]} Bf8 {[%clk 0:01:41]} 19. Rg1
{[%clk 0:02:39]} Qa5 {[%clk 0:01:39]} 20. a3 {[%clk 0:02:32]} Nf6
{[%clk 0:01:27]} 21. Rd1 {[%clk 0:02:17]} Ne4 {[%clk 0:01:25]} 22. Kg2
{[%clk 0:02:12]} Rad8 {[%clk 0:01:25]} 23. Ng3 {[%clk 0:01:56]} Nd2
{[%clk 0:01:14]} 24. Rxd2 {[%clk 0:01:42]} Qxd2 {[%clk 0:01:15]} 25. Nf5
{[%clk 0:01:33]} f6 {[%clk 0:01:15]} 26. b4 {[%clk 0:01:25]} Qc3 {[%clk 0:01:12]}
27. e4 {[%clk 0:01:26]} Qxf3+ {[%clk 0:01:02]} 28. Kxf3 {[%clk 0:01:26]} Kf7
{[%clk 0:01:00]} 29. Rb1 {[%clk 0:01:27]} Rd7 {[%clk 0:01:00]} 30. Ke3
{[%clk 0:01:26]} Ra8 {[%clk 0:01:01]} 31. a4 {[%clk 0:01:24]} Be7
{[%clk 0:00:53]} 32. f3 {[%clk 0:01:23]} Bd8 {[%clk 0:00:53]} 33. Kd3
{[%clk 0:01:22]} Bb6 {[%clk 0:00:49]} 34. a5 {[%clk 0:01:17]} Bc7
{[%clk 0:00:50]} 35. Bxc7 {[%clk 0:01:09]} Rxc7 {[%clk 0:00:51]} 36. Rc1
{[%clk 0:01:10]} Rd7 {[%clk 0:00:51]} 37. Rc5 {[%clk 0:01:10]} Rad8
{[%clk 0:00:46]} 38. a6 {[%clk 0:01:07]} bxa6 {[%clk 0:00:40]} 39. Rxc6
{[%clk 0:01:08]} Rb8 {[%clk 0:00:42]} 40. Kc4 {[%clk 0:01:02]} Rb6
{[%clk 0:00:35]} 41. Rc8 {[%clk 0:00:45]} Rdb7 {[%clk 0:00:32]} 42. Kc3
{[%clk 0:00:46]} Ke6 {[%clk 0:00:20]} 43. Rc4 {[%clk 0:00:32]} a5
{[%clk 0:00:18]} 44. d5+ {[%clk 0:00:31]} Ke5 {[%clk 0:00:19]} 45. Nd4
{[%clk 0:00:22]} axb4+ {[%clk 0:00:16]} 46. Kb3 {[%clk 0:00:23]} Kf4
{[%clk 0:00:13]} 47. Rc5 {[%clk 0:00:15]} Ke3 {[%clk 0:00:13]} 48. Rc4
{[%clk 0:00:11]} a5 {[%clk 0:00:14]} 49. d6 {[%clk 0:00:11]} a4+ {[%clk 0:00:13]}
50. Kxa4 {[%clk 0:00:12]} b3 {[%clk 0:00:14]} 51. Nxb3 {[%clk 0:00:12]} Rxb3
{[%clk 0:00:10]} 52. d7 {[%clk 0:00:13]} Rb1 {[%clk 0:00:11]} 53. Rc3+
{[%clk 0:00:14]} Kf4 {[%clk 0:00:10]} 54. d8=Q {[%clk 0:00:14]} Ra7+
{[%clk 0:00:11]} 55. Qa5 {[%clk 0:00:14]} Ra1+ {[%clk 0:00:12]} 0-1

[Event "Blitz 2018"]
[Site "Saint-Petersburg"]
[Date "2018.12.30"]
[Round "16"]
[Board "22"]
[White "Cheparinov Ivan (GEO)"]
[Black "Adly Ahmed (EGY)"]
[Result "1-0"]
[LiveChessVersion "1.4.8"]
[BlackElo "2675"]
[WhiteElo "2618"]

1. Nf3 {[%clk 0:03:03]} Nf6 {[%clk 0:03:03]} 2. c4 {[%clk 0:03:03]} e6
{[%clk 0:03:03]} 3. g3 {[%clk 0:03:03]} d5 {[%clk 0:03:02]} 4. d4
{[%clk 0:03:03]} dxc4 {[%clk 0:03:01]} 5. Bg2 {[%clk 0:03:04]} a6
{[%clk 0:03:02]} 6. O-O {[%clk 0:03:02]} Ra7 {[%clk 0:03:03]} 7. a4
{[%clk 0:02:48]} b6 {[%clk 0:03:04]} 8. Nbd2 {[%clk 0:02:31]} Bb7
{[%clk 0:03:03]} 9. Nxc4 {[%clk 0:02:32]} Be7 {[%clk 0:03:01]} 10. Bf4
{[%clk 0:02:27]} O-O {[%clk 0:03:01]} 11. Rc1 {[%clk 0:02:26]} Nbd7
{[%clk 0:02:54]} 12. Nce5 {[%clk 0:02:26]} c5 {[%clk 0:02:54]} 13. Nxd7
{[%clk 0:02:23]} Nxd7 {[%clk 0:02:51]} 14. dxc5 {[%clk 0:02:07]} bxc5
{[%clk 0:02:52]} 15. Qc2 {[%clk 0:02:04]} Qa8 {[%clk 0:02:48]} 16. Rfd1
{[%clk 0:02:03]} Be4 {[%clk 0:02:47]} 17. Qd2 {[%clk 0:01:54]} Nb6
{[%clk 0:02:43]} 18. b3 Rd8 {[%clk 0:02:37]} 19. Qe1 {[%clk 0:01:31]} Bd5
{[%clk 0:02:29]} 20. a5 {[%clk 0:01:22]} Nd7 {[%clk 0:02:30]} 21. Qc3
{[%clk 0:01:19]} Rb7 {[%clk 0:02:29]} 22. Rb1 {[%clk 0:01:15]} Bf6
{[%clk 0:02:24]} 23. Qc2 {[%clk 0:01:13]} Rb5 {[%clk 0:02:26]} 24. Ne1
{[%clk 0:01:10]} Rc8 {[%clk 0:02:11]} 25. Bxd5 {[%clk 0:01:11]} exd5
{[%clk 0:02:12]} 26. Qf5 {[%clk 0:01:10]} Nf8 {[%clk 0:02:04]} 27. Qxd5
{[%clk 0:01:10]} Rxa5 {[%clk 0:02:01]} 28. Qxa8 {[%clk 0:01:07]} Rxa8
{[%clk 0:02:02]} 29. Nd3 {[%clk 0:01:05]} Ne6 {[%clk 0:02:03]} 30. Be3
{[%clk 0:01:05]} Rc8 {[%clk 0:02:01]} 31. Rdc1 {[%clk 0:01:03]} Rb5
{[%clk 0:02:00]} 32. Rc4 {[%clk 0:01:03]} a5 {[%clk 0:01:57]} 33. Rbc1
{[%clk 0:00:59]} Rxb3 {[%clk 0:01:54]} 34. Nxc5 {[%clk 0:00:59]} Rbb8
{[%clk 0:01:48]} 35. Nd7 {[%clk 0:00:47]} Rxc4 {[%clk 0:01:44]} 36. Rxc4
{[%clk 0:00:48]} Rb1+ {[%clk 0:01:40]} 37. Kg2 {[%clk 0:00:50]} Bd8
{[%clk 0:01:42]} 38. Rc8 {[%clk 0:00:46]} Rd1 {[%clk 0:01:33]} 39. Nc5
{[%clk 0:00:44]} Nf8 {[%clk 0:01:35]} 40. Nb7 {[%clk 0:00:44]} Be7
{[%clk 0:01:36]} 41. Nxa5 {[%clk 0:00:43]} f6 {[%clk 0:01:36]} 42. Nc6
{[%clk 0:00:44]} Ba3 {[%clk 0:01:36]} 43. Ra8 {[%clk 0:00:40]} Bd6
{[%clk 0:01:32]} 44. Rd8 {[%clk 0:00:41]} Kf7 {[%clk 0:01:24]} 45. Bc5
{[%clk 0:00:42]} Rc1 {[%clk 0:01:25]} 46. Bxd6 {[%clk 0:00:42]} Ne6
{[%clk 0:01:25]} 47. Rd7+ {[%clk 0:00:43]} Kg6 {[%clk 0:01:26]} 48. Ne7+
{[%clk 0:00:44]} Kf7 {[%clk 0:01:27]} 49. Nd5+ {[%clk 0:00:42]} Kg6
{[%clk 0:01:29]} 50. Nf4+ {[%clk 0:00:44]} Nxf4+ {[%clk 0:01:30]} 51. Bxf4
{[%clk 0:00:45]} Rc2 {[%clk 0:01:31]} 52. e4 {[%clk 0:00:45]} 1-0